Statistics for Countries with the most Portuguese Speakers

Click here to take the quiz!

General Stats

  • This quiz has been taken 94 times
  • The average score is 10 of 12

Answer Stats

Total Number%Answer% Correct
212,000,00099.8%Brazil
100%
10,022,07095.1%Portugal
100%
746,0180,2%United States
91%
18,349,89171.2%Angola
89%
1,089,4971,7%France
84%
2,201,98110,7%Mozambique
84%
142,6220,2%United Kingdom
84%
221,5400,7%Canada
81%
105,1160,1%Germany
79%
72,7150,7%Belgium
59%
309,2703,7%Switzerland
57%
74,63615,7%Luxembourg
44%

Score Distribution

Percentile by Number Answered

Percent of People with Each Score

Your Score History

You have not taken this quiz